Communication for management and business / (Record no. 5522)

MARC details
000 -LEADER
fixed length control field 00826cam a2200169 i 4500
020 ## - INTERNATIONAL STANDARD BOOK NUMBER
ISBN 0673078841 :
050 00 - CALL NUMBER
Classification number HF5718
Item number .S53
100 1# - AUTHOR
Personal name Sigband, Norman B.
245 10 - TITLE
Title Communication for management and business /
Statement of responsibility, etc Norman B. Sigband.
250 ## - EDITION
Edition statement 2d ed.
260 ## - PUBLICATION INFORMATION
Place of publication Glenview, Ill. :
Name of publisher Scott, Foresman,
Year of publication c1976.
300 ## - DESCRIPTION
Number of Pages 657 p. :
Other physical details ill. ;
Dimensions 24 cm.
500 ## - NOTES
General note Published in 1969 under title: Communication for management.
505 ## - FORMATTED CONTENTS NOTE
Table of Content Part 1 The process of communication 1<br/>Part 2 Communication as a tool of management control 25<br/>Part 3 External company communications: The business letter 153<br/>Part 4 Research techniques and reports for decision making 281<br/>index 653
650 #0 - SUBJECTS
Topical Term Communication in management.
942 ## - ADDED ENTRY ELEMENTS (KOHA)
Koha item type Books
Holdings
Withdrawn status Lost status Collection code Home library Current library Shelving location Date acquired Full call number Accession Number Koha item type
    Reference Methodist University Library Main Methodist University Library Main General Stacks 27/06/2019 HF5718 .S53 17444 Books
Copyright © 2026  MUG Library